1986 1701 1461 1063 1523 1864 1117 1680 1858 1971 1216 1889 1496 1898 1401 1960 1935 1224 1973 1798 1007 1121 1444 1820 1708 1877 1599 1915 1914 1808 1368 1702 1427 1698 1214 1896 1156 1345 1819 1903 1955 1451 1544 1648 1177 1773 1223 1848 1401 1050 1041 1836 1965 1798 1346 1309 1479 1853 1125 1482 1957 1848 1730 1831 1241 1745 1829 1480 1762 1576 1978 1408 1646 1481 1762 1074 1217 1900 1618 1076 1612 1141 1403 1233 1898 1272 1694 1333 1942 1110 1776 1422 1106 1940 1052 1583 1838 1104 1345 BCNSPRNW ULIB Ver.6.0+V

เปลี่ยนเป็นภาษาไทย

Change to English
 แสดงรายละเอียดบรรณานุกรม
  กลับหน้าหลัก

Brief Record : Get Marc (ISO 2709) : E-mail record : QR code < ปิดหน้าต่าง
LEADER : 00000nam 2200000uu 4500
001    13399126681
003     ULIB
008    190206s2561||||th 000 0 tha d
020    ^a9786164559851
060    ^aWA395 อ949ส
100    ^aแอนน์ จิระพงษ์สุวรรณ
245    ^aสภาพแวดล้อมในการทำงานและความเสี่ยงทางสุขภาพ : หลักการและการประยุกต์ใช้ทางการพยาบาลอาชีวอนามัย/^cแอนน์ จิระพงษ์สุวรรณ
250    ^aพิมพ์ครั้งที่ 1
260    ^aกรุงเทพฯ :^bแดเน็กซ์อินเตอร์คอร์ปอเรชั่น,^c2561
300    ^a229 หน้า^bภาพประกอบ
650    ^aความปลอดภัยในการทำงาน
650    ^aสุขภาพ
650    ^aอาชีวอนามัย
945    ^p300^l0^i26979
945    ^p300^l0^i26980
945    ^p300^l0^i26981
945    ^p300^l0^i26982
999    ^aกัณชพร จุลอักษร
รายการนี้ยังไม่มีแท็ก
คุณยังไม่ได้ล็อกอิน คุณสามารถมีกิจกรรมร่วมกับเว็บไซต์ได้ แต่ต้องล็อกอินก่อน ::
  ล็อกอิน

รายการสื่อสารสนเทศ

ลำดับที่ ประเภท เลขเรียก/บาร์โค้ด สถานที่ สถานะ
1. วิทยาศาสตร์การแพทย์ และสุขภาพ
วิทยาศาสตร์การแพทย์ และสุขภาพ
WA395 อ949ส ฉ.1 
  Barcode: 26979
ห้องสมุดวิทยาเขตนครสวรรค์
►หนังสือทั่วไป:l:General Books
บนชั้น
2. วิทยาศาสตร์การแพทย์ และสุขภาพ
วิทยาศาสตร์การแพทย์ และสุขภาพ
WA395 อ949ส ฉ.2 
  Barcode: 26980
ห้องสมุดวิทยาเขตนครสวรรค์
►หนังสือทั่วไป:l:General Books
บนชั้น
3. วิทยาศาสตร์การแพทย์ และสุขภาพ
วิทยาศาสตร์การแพทย์ และสุขภาพ
WA395 อ949ส ฉ.3 
  Barcode: 26981
ห้องสมุดวิทยาเขตนครสวรรค์
►หนังสือทั่วไป:l:General Books
บนชั้น
4. วิทยาศาสตร์การแพทย์ และสุขภาพ
วิทยาศาสตร์การแพทย์ และสุขภาพ
WA395 อ949ส ฉ.4 
  Barcode: 26982
ห้องสมุดวิทยาเขตนครสวรรค์
►หนังสือทั่วไป:l:General Books
บนชั้น

รายการใกล้เคียง
    ผู้แต่ง [แอนน์ จิระพงษ์สุวรรณ]

    หัวเรื่อง [ความปลอดภัยในการทำงาน]
    หัวเรื่อง [สุขภาพ]
    หัวเรื่อง [อาชีวอนามัย]

BibComment


ยังไม่เคยถูกคอมเมนท์

คอมเมนท์ทรัพยากรรายการนี้
  คอมเมนท์: สภาพแวดล้อมในการ..


 Copyright 2026. Bcnsprnw @Library